Football: 50 Gardiens de but - Statistiques

Statistiques générales
  • Ce quiz a été pris 1 004 fois
  • Le résultat moyen est 24 sur 50
Statistiques - réponses
Par images Réponse % Correct
Thibaut Courtois
99%
Keylor Navas
93%
Manuel Neuer
84%
Hugo Lloris
83%
David de Gea
79%
Fabien Barthez
79%
Marc-André ter Stegen
79%
Steve Mandanda
79%
Mike Maignan
77%
Alisson
75%
Edouard Mendy
75%
Iker Casillas
75%
Jan Oblak
74%
Gianluigi Donnarumma
73%
Ederson Moraes
72%
Guillermo Ochoa
72%
Petr Cech
72%
Gianluigi Buffon
70%
Oliver Kahn
70%
Rui Patricio
69%
Edwin Van der Sar
68%
Kasper Schmeichel
64%
Alban Lafont
62%
Lev Yachine
59%
Peter Schmeichel
58%
Dida
57%
Bernard Lama
53%
Mickaël Landreau
47%
Pepe Reina
38%
René Higuita
34%
Dino Zoff
31%
Victor Valdés
28%
Jens Lehmann
26%
José Luis Chilavert
25%
Harald Schumacher
24%
Gordon Banks
23%
David Seaman
22%
Joël Bats
22%
Claudio Taffarel
20%
Jorge Campos
16%
Michel Preud'homme
14%
Pascal Olmeta
13%
Jean-Marie Pfaff
11%
Sepp Maier
11%
Andoni Zubizarreta
10%
Gaëtan Huard
10%
Andreas Köpke
8%
Peter Shilton
8%
Walter Zenga
7%
Rinat Dasaev
6%
Aucun quiz correspondant
Distribution des résultats
% des personnes avec chaque résultat
Percentile par nombre de réponses
Votre historique - résultats
Vous n’avez pas pris ce quiz